000 00440nam a2200145Ia 4500
003 OSt
005 20260120152411.0
008 211028s2014 xx 000 0 und d
040 _cAIMIT LIBRARY
041 _aeng
100 _aAndrade, Pritam Melroy; S K, Sneha.
_g1216090
_97203
245 _aComparative study between rheochem a newpark company and its competitors in India /
260 _aMangalore
_bSneha S K
_c2014
942 _2ddc
_cPRO
999 _c218773
_d218773